Movilidad estudiantil universitaria
Đã lưu trong:
| Nhiều tác giả của công ty: | , |
|---|---|
| Định dạng: | Sách |
| Ngôn ngữ: | Tiếng Tây Ban Nha |
| Được phát hành: |
Santiago
CINDA
2006
|
| Phiên bản: | 1a. ed |
| Loạt: | Colección Gestión Universitaria
|
| Những chủ đề: | |
| Các nhãn: |
Thêm thẻ
Không có thẻ, Là người đầu tiên thẻ bản ghi này!
|
MARC
| LEADER | 00000cam a2200000 a 4500 | ||
|---|---|---|---|
| 001 | UCI9008 | ||
| 003 | CL-VaPUC | ||
| 008 | 081016e20060100CL |||||||||||||||||spa|d | ||
| 020 | |a 9567106487 | ||
| 082 | 0 | 4 | |a 371.81 |b CIN |2 21 |
| 110 | 2 | |a CINDA |e author |9 532677 | |
| 710 | 2 | |a Centro Interuniversitario de Desarrollo |e author |9 532678 | |
| 245 | 1 | 0 | |a Movilidad estudiantil universitaria |
| 250 | |a 1a. ed | ||
| 300 | |a 206 p | ||
| 942 | |c BK | ||
| 945 | |d 20081016 00:00:00 |a jtorresc | ||
| 260 | |a Santiago |b CINDA |c 2006 | ||
| 650 | 0 | |a Estudiantes universitarios |9 334744 | |
| 650 | 0 | |a Movimientos estudiantiles |9 338921 | |
| 650 | 7 | |a MOVILIDAD ESTUDIANTIL |2 CL-VaPUC |9 341276 | |
| 650 | 7 | |a ORGANIZACIONES ESTUDIANTILES |2 CL-VaPUC |9 433358 | |
| 650 | 0 | |a Universidades |9 256317 | |
| 651 | 7 | |a CHILE |2 CL-VaPUC |9 532679 | |
| 583 | |a last modification |c 20120530 05:50:41 |k Rodrigo Vera | ||
| 490 | 0 | |a Colección Gestión Universitaria | |
| 999 | |c 331716 |d 331714 | ||
| 952 | |0 0 |1 0 |4 0 |6 371_810000000000000_CIN_2006 |7 0 |8 A |9 418747 |a BIBEDU |b BIBEDU |d 2019-11-22 |i 4489551 |o 371.81 CIN 2006 |p 4489551 |r 2019-11-22 |w 2019-11-22 |y BK |k EDU | ||
| 952 | |0 0 |1 0 |4 0 |6 371_810000000000000_CIN_2006 |7 0 |8 A |9 418748 |a BIBEDU |b BIBEDU |d 2019-11-22 |i 4666410 |o 371.81 CIN 2006 |p 4666410 |r 2019-11-22 |w 2019-11-22 |y BK |k EPE | ||
| 952 | |0 0 |1 0 |4 0 |6 371_810000000000000_CIN_2006 |7 0 |8 ED_SUP |9 418749 |a BIBGIM |b BIBGIM |c S_PSTGRDO |d 2019-11-22 |i 4852885 |o 371.81 CIN 2006 |p 4852885 |r 2025-01-15 |w 2019-11-22 |y BK |k ESU | ||
| 952 | |0 0 |1 0 |3 erb |4 0 |6 371_810000000000000_CIN_2006 |7 0 |8 A |9 418750 |a BIBTEO |b BIBTEO |i 5142571 |o 371.81 CIN 2006 |p 5142571 |r 2025-01-17 |w 2019-11-22 |y BK |z Catalogado en:20150326 |k ICR | ||